000 01684cam a2200157 4500500
005 20260315003429.0
041 _afre
042 _adc
100 1 0 _aWeber, Florence
_eauthor
700 1 0 _aMenant, François
_eauthor
700 1 0 _aCoquery, Natacha
_eauthor
245 0 0 _aÉcrire, compter, mesurer : Du Moyen Âge aux bouleversements actuels
260 _bÉditions Rue d'Ulm,
_c2023.
520 _aQuelles sont les conditions sociales et intellectuelles de la mise en œuvre d’un calcul économique ? En portant attention aux techniques intellectuelles utilisées par les acteurs économiques, dans leur matérialité même, les historiens et anthropologues ici réunis ont découvert d’étonnantes convergences entre l’histoire des mathématiques chinoises et celle du Moyen Âge occidental, des continuités surprenantes entre les façons de tenir ses comptes du XIIIe au XVIIIe siècle. Ils ont surtout mieux compris l’intérêt de confronter des données issues d’univers sociaux éloignés : loin de tenir pour acquise la partition du monde entre ce qui est économique et ce qui ne l’est pas, leur questionnement porte sur les modalités du calcul pratique et en restitue les cadres rituels et cognitifs. Nouvelle édition augmentée du volume imprimé Écrire, compter, mesurer. Vers une histoire des rationalités pratiques (2006, 280 p., épuisé) et de son volet numérique (ECM/2, coll. « Actes de la recherche à l’ENS » n° 3, 2006, 152 p.), tous deux régulièrement utilisés et cités par les étudiants et les chercheurs.
856 4 1 _uhttps://shs.cairn.info/ecrire-compter-mesurer--9782728808069?lang=fr&redirect-ssocas=7080
999 _c1698553
_d1698553